00667nam a2200193Ia 4500008004100000020001500041041001200056082001600068100002100084245007000105250000900175260004900184300000800233650001500241700002500256942000700281999001500288952017000303221030s9999 xx 000 0 und d a8122406173 aEnglish a105.23bBha aS. S. Bhavikatti 0aEngineering Mechanicscby S. S. Bhavikatti , K. G. Rajashekarappa aRev. bNew Age International Pub.aNew Delhic2000 a537 aMechanical aK. G. Rajashekarappa cBK c6876d6876 pBE 2539g225.00l0o105.23 Bhar2024-06-13 00:00:00w2022-10-30yBK003Print4070aMIETLIBbMIETLIBcBL-Academic Block C, FL-2, CUP-5, SH-4, R-4d2001-02-0910HBE